| 000 | 00965nam a2200265 a 4500 | ||
|---|---|---|---|
| 001 | 000023521 | ||
| 005 | 20200930022258.0 | ||
| 008 | 101210s1999 mx r 000 | spa d | ||
| 020 | _a9701702751 | ||
| 040 |
_aDO-SdBNP _bspa _cBNPHU |
||
| 041 |
_aeng _hspa _2Código de idioma MARC |
||
| 082 |
_axxx _bH466e |
||
| 100 | 1 |
_aHeilbroner, Robert L. _947771 |
|
| 240 | 1 | 0 |
_aThe making of economic society _lespañol |
| 245 | 1 | 3 |
_aLa evolución de la sociedad económica / _cRobert L. Heilbroner, William Milberg ; edición de Marisa de Anta; traducción de Verania de Parrés Cárdenas. |
| 250 | _a10a ed. | ||
| 260 |
_aMéxico D. F. : _bPrentice Hall, _c1999. |
||
| 300 |
_axvi, 190 p. : _bil. ; _c24 cm. |
||
| 500 | _aIncluye índice onomástico y temático | ||
| 500 | _aIncluye notas al pie de página | ||
| 700 | 1 |
_aAnta, Marisa de _eed. _944367 |
|
| 700 | 1 |
_aMilberg , William _948481 |
|
| 710 | 1 |
_aParrés Cárdenas, Verania de _etr. _948482 |
|
| 049 | _aBNGR | ||
| 999 |
_c23017 _d23017 |
||